000 01802nam a22005653a 4500
001 22335
003 VRT
005 20260326143202.0
008 140507s2012 xo oa g nd 000 0 slo d
020 _a9788081141652 (viaz.)
035 _aa000504138
039 9 _a201406300830
_bhana
_c201406200955
_dpechova
_c201406021343
_dedita
040 _aUKB
_bslo
_cUKB
_eAACR2
041 0 _aslo
044 _axo
_cSK
072 7 _a316.7
_xSociológia kultúry. Kultúrny život
_2konspekt
080 _a316.72/.75
_22004
080 _a2-67
_22004
080 _a316.728
_22004
080 _a316.346.2
_22004
080 _a308
_22004
080 _a(5-15)
_22004
080 _a(048.8)
_22004
100 1 _aKhidayer, Emíre,
_d1971-
_4aut
_4ill
_4pht
245 1 0 _aArabský svet iná planéta?
_cEmíre Khidayer [ilustrácie ; fotografie Emíre Khidayer, Edgar Jarúnek]
250 _a2. rozš. a uprav. vyd.
260 _aBratislava
_bMarenčin PT
_c2012
300 _a259 [1] s.
500 _aSlovníček pojmov
504 _aBibliogr. s. [260]
650 0 7 _akultúra a spoločnosť
_zarabské krajiny
_2UKBPH
650 0 7 _anáboženstvo a spoločnosť
_zarabské krajiny
_2UKBPH
650 0 7 _akaždodenný život
_zarabské krajiny
_2UKBPH
650 0 7 _amuži a ženy
_zarabské krajiny
_2UKBPH
651 7 _aarabské krajiny
_xsociálne pomery
_2UKBPH
653 _a316.72/.75
653 _a2-67
653 _a316.728
653 _a316.346.2
653 _a308
653 _a(5-15)
653 _a(048.8)
655 7 _amonografie
_2UKBPH
700 1 _aJarúnek, Edgar
_4pht
910 _aukb
942 _2ddc
_cKLDO
_n0
949 _61800633153
_aSL.D.96037
_bPV.6103-2014
949 _61800633154
_aSK.D.64448
_bPV.6104-2014
_s6707:20140710
949 _61800594828
_a33.D.26711
_bKD.332-2014
999 _c22335
_d22335